000 00703nam a22002417a 4500
005 20170124110207.0
010 _aA-817218
020 _c150.00
_a8120310586
035 _aA-817218
037 _bCen Lib/Ret
040 _aDPL
_bEN
082 _a001.64
_bBOB
100 _aBobola, Dan
_937560
245 _aComplete idiot,s guide to word for windows 95 /
_cby Dan Bobola
260 _aNew Delhi
_bPrentice Hall
_c1996
270 _aM-97, Connaught Circus
_bNew Delhi
_e110001
300 _axxiv,350p. :
_c23cm(Hb)
_bill.
500 _aIncludes index
650 _aWord processing
_937561
650 _aMicrosoft Word
_936345
700 _96520
942 _2ddc
_cEN
_h001.64
_mBOB
999 _c133312
_d133312